000 00409nam a2200169Ia 4500
001 22742
005 20260414150851.0
008 260414t2009||||xx |||||||||||||| ||spa||
041 _aESP
082 _a621.395
_bU79 2009
100 _aUrquía Moraleda, Alfonso
_eAUT
245 0 _aDiseño de hardware digital con VHDL
_b
260 _c2009
650 _aTCA
654 _aCET
942 _cLIB
_dJUS
_fJUS
_2ddc
_n
999 _c22742
_d22742